00477nam a2200181Ia 450000500170000000800410001702000150005808200210007324500420009426000610013630000170019765000110021465000120022565000100023765000080024770000190025570000210027420250115004818.0240331s9999 xx 000 0 und d a0803952309 bSTU23404a305.3 0aGender Issues in Contemporary Society aNewbury ParkaLondonaNew DelhibSage Publicationsc1993 axii, 234 p., aGender aSociety aWomen aMen aOskamp, Seedt aCostanzo, Meedt